Plánování dodavatelského řetězce

Plánovanie dodávateľského reťazca zahrňuje nadpodnikové plánovanie a riadenie materiálového toku. Je rozhodujúcim nástrojom k významnému zlepšeniu kokurenčných schopností podniku a reťazca. Pri plánovaní je potrebné si ujasniť súvislosti účinkov rôznych faktorov a optimalizovať výkonnosť reťazca. V...

Descrizione completa

Salvato in:
Dettagli Bibliografici
Natura: Capitolo di libro
Lingua:ceco
Soggetti:
Tags: Aggiungi Tag
Nessun Tag, puoi essere il primo ad aggiungerne!!

MARC

LEADER 00000naa$a2200000$$$4500
001 0073827
005 20231128134533.6
041 0 |a cze 
044 |a CZ 
245 1 0 |a Plánování dodavatelského řetězce 
520 |a Plánovanie dodávateľského reťazca zahrňuje nadpodnikové plánovanie a riadenie materiálového toku. Je rozhodujúcim nástrojom k významnému zlepšeniu kokurenčných schopností podniku a reťazca. Pri plánovaní je potrebné si ujasniť súvislosti účinkov rôznych faktorov a optimalizovať výkonnosť reťazca. V modernom dodávateľskom reťazci je dôležité optimálne riadenie zásob. Riadenie zásob dodávateľom. Optimalizácia logistickej výkonnosti. 
610 2 0 |a reťazce dodávateľsko-odberateľské 
610 2 0 |a dodávatelia 
610 2 0 |a odberatelia 
610 2 0 |a zásoby 
610 2 0 |a plánovanie 
610 2 0 |a skladovanie 
610 2 0 |a logistika 
610 2 0 |a výkonnosť